00570nam a2200205 4500003000400000005001700004008004100021020001800062040001800080050001600098100002300114245007100137264003700208300001800245336002200263337002400285338002400309942001400333999001700347OSt20260601193840.0260506b |||||||| |||| 00| 0 eng d a9781580931601 aICIbspacICI aNK1390bK57 1aH. Marcxus, George 1aMasters of Modern Design:bA critical assessmentcGeorge H. Marcus bThe Monacelli Pressc2005aChina a176 páginas atexto2rdacontent asin medio2rdamedia avolumen2rdacarrier 2lcccBn1 c21420d21420